MARC

LEADER 00000nam0a2200000 4500
001 35185
005 20231030232834.0
035 |a (RuTPU)RU\TPU\book\35608 
035 |a BOOK00002260 
090 |a 35185 
100 |a 20011210d1979 km y0rusy50 ca 
101 0 |a rus 
102 |a RU 
105 |a a g 000zy 
200 1 |a Электрические кабели, провода и шнуры  |e Справочник  |f Н. И. Белоруссов, А. Е. Саакян, А. И. Яковлева 
205 |a 4-е изд., перераб. и доп. 
210 |a Москва  |c Энергия  |d 1979 
215 |a 416 с.  |c ил. 
451 1 |0 (RuTPU)RU\TPU\book\35609  |t Электрические кабели, провода и шнуры  |o справочник  |f Н. И. Белоруссов, А. Е. Саакян, А. И. Яковлева  |e 5-е изд., перераб. и доп.  |c Москва  |n Энергоатомиздат  |d 1987  |p 536 с.  |a Белоруссов, Николай Иванович 
610 1 |a электронная техника 
610 1 |a технология 
610 1 |a электрические кабели 
610 1 |a электрические провода 
610 1 |a электрические шнуры 
610 1 |a конструкции 
610 1 |a электрические характеристики 
610 1 |a механические характеристики 
610 1 |a токовые нагрузки 
610 1 |a материалы 
610 1 |a справочники 
675 |a 621.315.2(035)  |v 3 
675 |a 621.315.3(035)  |v 3 
700 1 |a Белоруссов  |b Н. И.  |g Николай Иванович 
701 1 |a Саакян  |b А. Е.  |g Александр Ефремович 
701 1 |a Яковлева  |b А. И.  |g Александра Иосифовна 
801 0 |a RU  |b 63413507  |c 20011210  |g PSBO 
801 2 |a RU  |b 63413507  |c 20210527  |g PSBO 
900 |a Технология материалов и изделий электронной техники 
942 |c BK